Praha v květnu 1945 : historie jednoho povstání / Stanislav Kokoška
Plány na ozbrojené vystoupení českého lidu proti okupantům ve strategických a politických úvahách exilové politické reprezentace i domácího odboje. Vznik České národní rady, která reprezentovala hlavní složky českého odboje. Její struktura, činnost a představy o poválečném uspořádání republiky. Globální plány spojenecké koalice v závěrečné fázi války a povstání. Vojenský odboj a příprava povstání. Jeho vojenské zajištění. Okupační správa a protektorátní vláda. Revoluční atmosféra v české společnosti (povstání v Přerově, Nymburce aj.). Průběh povstání a činnost jeho řídících složek (ČNR, Vojenské velitelství Velké Prahy). Úloha vlasovců. Osvobození Prahy a Rudá armáda.
Vojenské a politické souvislosti Pražského květnového povstání, jeho místo v plánech a činnosti domácího i zahraničního odboje i podíl na porážce fašismu.
Record details
- ISBN: 80-7106-740-7 (váz.) :
- Physical Description: 277 s. : il., portréty ; 21 cm
- Edition: Vyd. 1.
- Publisher: Praha : NLN, Nakladatelství Lidové noviny, 2005
Content descriptions
| Bibliography, etc. Note: | Obsahuje bibliografii, bibliografické odkazy a rejstřík |
Search for related items by series
Available copies
- 1 of 1 copy available at Common Catalog SPOK.
Holds
- 0 current holds with 1 total copy.
Show Only Available Copies
| Location | Call Number / Copy Notes | Barcode | Shelving Location | Status | Due Date |
|---|---|---|---|---|---|
| Terezin Initiative Institute | 4836 | 4594304836 | Knihovna ITI | Available | - |
| LDR | 02635cam a2200481 a 4500 | ||
|---|---|---|---|
| 001 | 27269 | ||
| 003 | CZ-PrJAB | ||
| 005 | 20221020072357.0 | ||
| 008 | 050520s2005 xr ac gr 001 0 cze | ||
| 015 | . | ‡acnb001533904 | |
| 020 | . | ‡a80-7106-740-7 (váz.) : ‡cKč 225,00 | |
| 035 | . | ‡a(CONS)2087 | |
| 035 | . | ‡a(CZ PrSKC)cpk20051533904 | |
| 035 | . | ‡a(OCoLC)61760970 | |
| 040 | . | ‡aBOA001 ‡bcze ‡dABA001 | |
| 080 | . | ‡a94(437)"1945" ‡2MRF | |
| 080 | . | ‡a94(100)"1939/1945" ‡2MRF | |
| 080 | . | ‡a94(437.311) ‡2MRF | |
| 080 | . | ‡a(048.8) ‡2MRF | |
| 100 | 1 | . | ‡aKokoška, Stanislav, ‡d1959- ‡7jn20000401384 ‡4aut |
| 245 | 1 | 0. | ‡aPraha v květnu 1945 : ‡bhistorie jednoho povstání / ‡cStanislav Kokoška |
| 246 | 3 | 0. | ‡aHistorie jednoho povstání |
| 250 | . | ‡aVyd. 1. | |
| 260 | . | ‡aPraha : ‡bNLN, Nakladatelství Lidové noviny, ‡c2005 | |
| 300 | . | ‡a277 s. : ‡bil., portréty ; ‡c21 cm | |
| 490 | 1 | . | ‡aVálka a mír v moderní době |
| 504 | . | ‡aObsahuje bibliografii, bibliografické odkazy a rejstřík | |
| 520 | 9 | . | ‡aPlány na ozbrojené vystoupení českého lidu proti okupantům ve strategických a politických úvahách exilové politické reprezentace i domácího odboje. Vznik České národní rady, která reprezentovala hlavní složky českého odboje. Její struktura, činnost a představy o poválečném uspořádání republiky. Globální plány spojenecké koalice v závěrečné fázi války a povstání. Vojenský odboj a příprava povstání. Jeho vojenské zajištění. Okupační správa a protektorátní vláda. Revoluční atmosféra v české společnosti (povstání v Přerově, Nymburce aj.). Průběh povstání a činnost jeho řídících složek (ČNR, Vojenské velitelství Velké Prahy). Úloha vlasovců. Osvobození Prahy a Rudá armáda. |
| 520 | 9 | . | ‡aVojenské a politické souvislosti Pražského květnového povstání, jeho místo v plánech a činnosti domácího i zahraničního odboje i podíl na porážce fašismu. |
| 830 | 0. | ‡aVálka a mír v moderní době | |
| 852 | 4 | . | ‡bJACH-ITI ‡bJACH-ITI ‡cKnihovna ITI ‡j4836 ‡p4836 ‡y$0.00 |
| 910 | . | ‡aABE340 ‡b4836 | |
| 995 | . | ‡askok | |
| 901 | . | ‡a27269 ‡bISxN ‡c27269 ‡tbiblio | |